00525nam a2200193 a 4500001001300000003000900013005001700022008004100039020001000080082001600090100002400106245004000130260005300170300000900223500003500232505001000267650003000277700002400307nice12345678IN_TiNIC20260116013842.0050524s1997 shia grp 000 0 eng  ac30000a342.02bBHA aBhattacharjea, Ajit aSocial Justice and the Constitution aShimlabIndian Institute of Advanced Studyc1997 a267p aincludes index and biblioraphy2 aIndex aConstitution-India Social1 aBhattacharjea, Ajit